Sinh lý học thần kinh
Сохранить в:
| Главный автор: | |
|---|---|
| Формат: | |
| Метки: |
Добавить метку
Нет меток, Требуется 1-ая метка записи!
|
| Thư viện lưu trữ: | Mạng thư viện Đại học Đà Nẵng |
|---|
| LEADER | 00568nam a2200205 4500 | ||
|---|---|---|---|
| 001 | 000009144 | ||
| 003 | 5339 | ||
| 005 | 20150812140853.0 | ||
| 008 | 111025s sd | ||
| 100 | 0 | |a Tạ Thuý Lan | |
| 245 | 0 | 0 | |a Sinh lý học thần kinh |c Tạ Thuý Lan |
| 774 | |a Tạ Thuý Lan |d Đại học sư phạm |d H,. |d 2003 |g T.1 |h 295tr. |w 5341 | ||
| OWN | |a LSP | ||
| 999 | |a From the UDN01 | ||
| TYP | |a Monograph | ||
| TYP | |a Printed language | ||
| 980 | |a Mạng thư viện Đại học Đà Nẵng | ||